000 01726nam a2200493 i 4500
001 13168
003 KOSZ 005
005 20191018140711.0
008 081002s1960 pl a f |000 0 pol
015 _aPB 1960/7812
035 _a991045368279705066
035 _a(PL-WaBN)b22402421-48omnis_nlop
035 _ab22402421
035 _a(OCoLC)749378680
035 _a(PL)b0000002240242
035 _a(EXLNZ-48OMNIS_NETWORK)9910281956405606
040 _aWA N
_cWA N
_dKOSZ 005/EG
041 1 _apol
_heng
046 _k1960
080 _a621.382
245 1 0 _aElektronika półprzewodnikowa /
_c[red.] L. Hunter ; [współaut. J.B. Angell et al. ; tł. A. Królikowski].
246 1 _iTyt. oryg.:
_aHandbook of semiconductor electronics
260 _aWarszawa :
_bPaństwowe Wydawnictwa Techniczne,
_c1960.
300 _a730, [2] s. :
_bil. ;
_c25 cm.
336 _2rdacontent
_aTekst
_btxt
337 _2rdamedia
_aBez urządzenia pośredniczącego
_bn
338 _2rdacarrier
_aWolumin
_bnc
380 _aKsiążki
380 _aPublikacje fachowe
388 _a1901-2000
388 _a1945-1989
504 _aBibliogr.
521 8 _aDla inżynierów i techników oraz studentów wyższych szkół technicznych.
650 7 _aPółprzewodniki
658 _aFizyka i astronomia
658 _aInżynieria i technika
700 1 _aAngell, J. B.
_eAutor
700 1 _aHunter, Lloyd P.
_eRedakcja
700 1 _aKrólikowski, Alfred
_eTłumaczenie
710 2 _aPaństwowe Wydawnictwa Techniczne
856 _uhttp://koha.tu.koszalin.pl/cgi-bin/koha/opac-detail.pl?biblionumber=13168
_yKatalog online BPK
942 _2UKD
_cKS
999 _c13168
_d13168